[Event "Benidorm FEDC op 12th"]
[Site "Benidorm"]
[Date "2012.06.22"]
[Round "6"]
[White "Amores Cano, Victor"]
[Black "Melero Marti, Hector"]
[Result "1-0"]
[WhiteElo "1746"]
[BlackElo "1432"]
[PlyCount "29"]
[EventDate "2012.06.17"]
[EventType "swiss"]
[EventRounds "7"]
[EventCountry "ESP"]
[SourceTitle "EXT 2024"]
[Source "ChessBase"]
[SourceDate "2023.10.10"]
[SourceVersion "1"]
[SourceVersionDate "2023.10.10"]
[SourceQuality "1"]

1. c4 c5 2. Nc3 Nf6 3. g3 Nc6 4. Nf3 b6 5. Bg2 Bb7 6. 0-0 g6 7. d3 Bg7 8. Bf4 d6 9. Rb1 0-0 10. Qd2 a6 11. a3 Qc7 12. b4 Rab8 13. bxc5 bxc5 14. Na4 Ba8 15. Nxc5 1-0

[Event "Benidorm FEDC op 12th"]
[Site "Benidorm"]
[Date "2012.06.21"]
[Round "5"]
[White "Casla Murillo, Jorge"]
[Black "Amores Cano, Victor"]
[Result "1/2-1/2"]
[WhiteElo "1627"]
[BlackElo "1746"]
[PlyCount "20"]
[EventDate "2012.06.17"]
[EventType "swiss"]
[EventRounds "7"]
[EventCountry "ESP"]
[SourceTitle "EXT 2024"]
[Source "ChessBase"]
[SourceDate "2023.10.10"]
[SourceVersion "1"]
[SourceVersionDate "2023.10.10"]
[SourceQuality "1"]

1. c4 Nf6 2. Nc3 c6 3. g3 d5 4. e4 dxe4 5. Bg2 Bf5 6. Nge2 e5 7. 0-0 h6 8. Qc2 Qd3 9. Qd1 Bc5 10. a3 h5 1/2-1/2

[Event "Llinars del Valles Tardor op 3rd"]
[Site "Llinars del Valles"]
[Date "2011.09.30"]
[Round "1"]
[White "Olleta Tanya, Jordi"]
[Black "Amores Cano, Victor"]
[Result "0-1"]
[WhiteElo "1629"]
[BlackElo "2037"]
[PlyCount "38"]
[EventDate "2011.09.30"]
[EventType "swiss"]
[EventRounds "9"]
[EventCountry "ESP"]
[SourceTitle "EXT 2013"]
[Source "ChessBase"]
[SourceDate "2012.11.22"]
[SourceVersion "1"]
[SourceVersionDate "2012.11.22"]
[SourceQuality "1"]

1. Nf3 d6 2. Nc3 Nf6 3. e4 e5 4. Be2 Be7 5. d4 Nbd7 6. 0-0 0-0 7. Bg5 c6 8. dxe5 dxe5 9. Qd2 Re8 10. a3 a5 11. Rad1 Qc7 12. Nh4 b5 13. Nf5 b4 14. Nxe7+ Rxe7 15. Nb1 Nxe4 16. Qe3 Nxg5 17. Qxg5 Nf8 18. Rd2 Ne6 19. Bg4 Nxg5 0-1